Catalog

Record Details

Catalog Search



Encyklopedie politiky  Cover Image Book Book

Encyklopedie politiky / Karel Žaloudek

Record details

  • ISBN: 80-85983-11-7
  • Physical Description: 511 s. ; 21 cm
  • Edition: 1. vyd.
  • Publisher: Praha : Libri, 1996

Content descriptions

General Note:
Zkratky
5000 výt.
Bibliography, etc. Note:
Jmenný rejstřík
Subject: politika
politologie
Genre: encyklopedie

Available copies

  • 1 of 1 copy available at Common Catalog SPOK.

Holds

  • 0 current holds with 1 total copy.
Show Only Available Copies
Location Call Number / Copy Notes Barcode Shelving Location Status Due Date
Jabok Library Soc-5 424480000370 Odborná literatura Available -

LDR 01064nam a2200349 a 4500
0012803
003CZ-PrJAB
00520220426132346.0
007tu
008970211s1996 xr e e 001 0 cze
015 . ‡acnb000183915
020 . ‡a80-85983-11-7 ‡q(brož.) : ‡cKč 185,00
035 . ‡a(CZ PrNK)cpk19970183915
035 . ‡a(OCoLC)36941696
040 . ‡aABA001 ‡bcze
072 7. ‡a32 ‡xPolitika ‡2Konspekt ‡915
080 . ‡a32 ‡2undef
080 . ‡a321 ‡2undef
1001 . ‡aŽaloudek, Karel, ‡d1939- ‡7jn99240001678 ‡4aut
24510. ‡aEncyklopedie politiky / ‡cKarel Žaloudek
250 . ‡a1. vyd.
260 . ‡aPraha : ‡bLibri, ‡c1996
300 . ‡a511 s. ; ‡c21 cm
500 . ‡aZkratky
500 . ‡a5000 výt.
504 . ‡aJmenný rejstřík
65007. ‡apolitika ‡7ph115795 ‡2czenas
65007. ‡apolitologie ‡7ph115796 ‡2czenas
655 7. ‡aencyklopedie ‡7fd132201 ‡2czenas
910 . ‡aABG312
901 . ‡a2803 ‡bUnknown ‡c2803 ‡tbiblio

Additional Resources